Výročná správa ...

Bibliographic Details
Corporate Author: Technická univerzita v Košiciach. Letecká fakulta
Format: Serial
Language:Slovak
PhysicalDescription:fotografie, tabuľky 30 cm
Published: Košice Technická univerzita v Košiciach
ISBN:9788055339085
9788055335261
Subjects:

MARC

LEADER 00000cas a2200000 4500
001 vtls012261611
003 SK-MaSNL
005 20260228160052.0
008 240802c20uu9999xo ar 0 b0slo
015 |a SNBB2024-(r. 2020, r. 2023) 
020 |a 9788055339085  |q (2020 ; brožované) 
020 |a 9788055335261  |q (2023 ; brožované) 
040 |a SNK  |b slo  |c SNK  |e rda 
041 0 |a slo 
043 |a e-xo--- 
044 |a xo  |c SK 
072 7 |a 378  |x Vysoké školy  |2 konspekt 
080 |a 629.7  |2 2011 
080 |a 378.6:62  |2 2011 
080 |a 378.093.2  |2 2011 
080 |a (437.672)  |2 2011 
080 |a (047.1)  |2 2011 
110 2 |a Technická univerzita v Košiciach.  |b Letecká fakulta  |9 177435 
245 1 0 |a Výročná správa ...  |c Letecká fakulta 
246 1 |i Názov v tiráži a chrbtový názov:  |a Výročná správa Leteckej fakulty Technickej univerzity v Košiciach za rok ... 
246 1 3 |a Výročná správa ... Leteckej fakulty Technickej univerzity v Košiciach 
264 1 |a Košice  |b Technická univerzita v Košiciach 
300 |b fotografie, tabuľky  |c 30 cm 
310 |a 1x ročne 
336 |a text  |b txt  |2 rdacontent 
336 |a statický obraz  |b sti  |2 rdacontent 
337 |a bez média  |b n  |2 rdamedia 
338 |a zväzok  |b nc  |2 rdacarrier 
500 |a Názov z obálky 
500 |a Súčasťou názvu je označenie kalendárneho roku 
588 |a Popis podľa: 2020 
650 0 7 |a letectvo  |2 SNKPH  |9 23632 
650 0 7 |a Aviation  |2 SNKPHeng  |9 265900 
650 0 7 |a vysoké školy technické  |2 SNKPH  |9 71431 
650 0 7 |a Technical universities  |2 SNKPHeng  |9 265533 
650 0 7 |a fakulty vysokých škôl  |2 SNKPH  |9 162704 
650 0 7 |a Universities and colleges Faculty  |2 SNKPHeng  |9 265901 
651 7 |a Košice (Slovensko)  |2 SNKPHgeo  |9 18694 
651 7 |a Košice (Slovakia)  |2 SNKPHeng  |9 265902 
655 7 |a výročné správy  |2 SNKPH  |9 70580 
655 7 |a Annual reports  |2 SNKPHeng  |9 265598 
919 |a 978-80-553-3908-5 
919 |a 978-80-553-3526-1 
999 |c 1287  |d 3217 
952 |0 0  |1 0  |4 0  |7 0  |8 1  |a SNK  |b SNK  |d 2024-08-06  |i snk2024/12499  |l 0  |o snkČSB 7849/2020  |p 17A1523304  |r 2026-02-21 20:00:30  |w 2026-02-21  |y PREZ  |z Rok vydania: 2021 
952 |0 0  |1 0  |4 0  |7 0  |8 1  |a SNK  |b SNK  |d 2024-08-06  |i snk2024/12500  |l 0  |o snkČSB 7849/2020 D1  |p 17A1523305  |r 2026-02-21 20:00:30  |w 2026-02-21  |y PREZ  |z Rok vydania: 2021 
952 |0 0  |1 0  |4 0  |7 0  |8 0  |a SNK  |b SNK  |d 2024-12-12  |i snk2024/18475  |l 0  |o snkČSB 7849/2023  |p 17A1524907  |r 2026-02-21 21:29:38  |w 2026-02-21  |y PREZ  |z Rok vydania: 2024